Impact of Non-Medical Aspects of the Perception of the Quality of Health Care

Saved in:
Bibliographic Details
Main Author: Vacová, Iveta
Other Authors: Rudášová, Zuzana
Format: Book Chapter
Language:English
Subjects:
Tags: Add Tag
No Tags, Be the first to tag this record!

MARC

LEADER 00000nla a2200000 4500
001 0240636
005 20240502073921.0
041 0 |a eng 
044 |a SK 
245 1 0 |a Impact of Non-Medical Aspects of the Perception of the Quality of Health Care  |c Iveta Vacová, Zuzana Rudášová 
500 |a Abstrakt 
610 2 0 |a starostlivosť zdravotná 
610 2 0 |a zariadenia zdravotnícke 
610 2 0 |a kvalita služieb 
610 2 0 |a starostlivosť sociálna 
100 1 |a Vacová, Iveta 
700 1 |a Rudášová, Zuzana